Persephone the phony / (Record no. 3432)

MARC details
000 -LEADER
fixed length control field 00814nam a22002537a 4500
001 - CONTROL NUMBER
control field 3432
003 - CONTROL NUMBER IDENTIFIER
control field FISKH
005 - DATE AND TIME OF LATEST TRANSACTION
control field 20240305111640.0
008 - FIXED-LENGTH DATA ELEMENTS--GENERAL INFORMATION
fixed length control field 240305b cb ||||| |||| 00| 0 eng d
040 ## - CATALOGING SOURCE
Original cataloging agency FISK
Language of cataloging eng
Transcribing agency FISK
Modifying agency FISK
050 ## - LIBRARY OF CONGRESS CALL NUMBER
Classification number PZ7.H7427
082 ## - DEWEY DECIMAL CLASSIFICATION NUMBER
Classification number 813.6
100 ## - MAIN ENTRY--PERSONAL NAME
Personal name Holub Joan
Dates associated with a name 1956-
245 ## - TITLE STATEMENT
Title Persephone the phony /
Statement of responsibility, etc. Joan Holub
260 ## - PUBLICATION, DISTRIBUTION, ETC.
Place of publication, distribution, etc. New York :
Name of publisher, distributor, etc. Scholastic,
Date of publication, distribution, etc. 2011
300 ## - PHYSICAL DESCRIPTION
Extent 137 pages :
Dimensions 20 cm
490 ## - SERIES STATEMENT
Materials specified Goddess girls
505 ## - FORMATTED CONTENTS NOTE
Formatted contents note M
520 ## - SUMMARY, ETC.
Summary, etc. Despite the warnings of her friends at Mount Olympus Academy, Persephone befriends bad-boy Hades, but following her mother's advice to "go along to get along" complicates her relationships with all of them.
521 8# - TARGET AUDIENCE NOTE
Target audience note 690
Source Lexiles
700 ## - ADDED ENTRY--PERSONAL NAME
Personal name Joan Holub
942 ## - ADDED ENTRY ELEMENTS (KOHA)
Source of classification or shelving scheme Dewey Decimal Classification
Koha item type Books
Suppress in OPAC No
Holdings
Withdrawn status Lost status Source of classification or shelving scheme Damaged status Not for loan Collection Home library Current library Shelving location Date acquired Total Checkouts Full call number Barcode Date last seen Copy number Price effective from Koha item type
    Dewey Decimal Classification     Fiction Footprints International School Library Network Toul Kork Campus Footprints International School Library Network Toul Tom Poung Campus   03/05/2024   HOL PZ7.H7427 813.6 2024-0209 06/17/2025 1 03/05/2024 Books